000
00308nam a22001337a 4500
003
SGT
082
_a
617.525
_b
B13K
100
_a
KATARIA, YASHPAL.
245
_a
BILATERAL SAGOTTAL SPLIT OSTEOTOMY
260
_a
DELHI NCR
_b
SGTU GURUGRAM
_c
2013
300
_a
129
650
_a
ORAL SURGERY
942
_2
ddc
_c
TH
999
_c
18016
_d
18016